000 00706nam a2200205Ii 4500
003 JO-AjNU
008 230605s9999||||xx |||||||||||||| ||und||
040 _aJO-AjNU
_bara
_erda
_cJO-AjNU
041 _aara
050 1 4 _aKRM642.T3422.2004
100 3 _a طلبة ، أنور ,
_eauthor
_932191
245 0 0 _aشرح قانون التمويل العقاري
250 _a(د،ط)
264 3 1 _aالاسكندرية : المكتب الجامعي الحديث ، 2004
300 _a203ص
336 _atext
_btxt
_2rdacontent
337 _aunmediated
_bn
_2rdamedia
338 _avolume
_bnc
_2rdacarrier
650 4 _aالملكية العقارية -- قوانين وتشريعات -- مصر.
_932192
999 _aA12966
_c16534
_d16534